La muerte visita al dentista / (Registro nro. 30311)
[ vista simple ]
| 000 -LÍDER | |
|---|---|
| campo de control de longitud fija | 01557nam a22002657a 4500 |
| 003 - IDENTIFICADOR DE NÚMERO DE CONTROL | |
| campo de control | OSt |
| 005 - FECHA Y HORA DE LA ÚLTIMA | |
| campo de control | 20240214205726.0 |
| 008 - ELEMENTOS DE DATOS DE LONGITUD FIJA - INFORMACIÓN GENERAL | |
| campo de control de longitud fija | 231027b |||||||| |||| 00| 0 eng d |
| 020 ## - NÚMERO INTERNACIONAL NORMALIZADO DEL LIBRO | |
| Número de libro estándar internacional | 9789584289629 |
| 037 ## - FUENTE DE ADQUISICIÓN | |
| Materials specified | Donación |
| 040 ## - FUENTE DE CATALOGACIÓN | |
| Agencia de catalogación original | CO-JMCR |
| Agencia de transcripción | CO-JMCR |
| Agencia modificadora | CO-JMCR |
| Convenciones de descripción | rda |
| 041 ## - CÓDIGO DE IDIOMA | |
| Código de idioma del texto/pista de sonido o título independiente | spa |
| 082 ## - NÚMERO DE CLASIFICACIÓN DECIMAL DEWEY | |
| Número de clasificación | A-N |
| Número de artículo | CHRl |
| 100 ## - ENTRADA PRINCIPAL - NOMBRE PERSONAL | |
| Nombre personal | Christie, Agatha |
| Término relativo | autor |
| 9 (RLIN) | 42190 |
| 245 ## - DECLARACIÓN DEL TÍTULO | |
| Título | La muerte visita al dentista / |
| Declaración de responsabilidad, etc. | Agatha christie; traducido por C. Peraire del Molino |
| 246 ## - FORMA VARIABLE DEL TÍTULO | |
| Título propiamente dicho/título corto | one, two, buckle my shoe |
| 260 ## - PUBLICACIÓN, DISTRIBUCIÓN, ETC. | |
| Lugar de publicación, distribución, etc. | Bogotá: |
| Nombre del editor, distribuidor, etc. | Editorial Nomos, |
| Fecha de publicación, distribución, etc. | 2020 |
| 300 ## - DESCRIPCIÓN FÍSICA | |
| Medida | 151 páginas |
| Dimensiones | 19 cm. |
| 520 ## - RESUMEN, ETC. | |
| Resumen, etc | Hércules Poirot en una de sus actuaciones más brillantes.<br/>Hércules Poirot nunca habría pensado tener que visitar al dentista dos veces en un día. El motivo de la segunda visita fue, no obstante, bien distinto al de la primera. El famoso detective acude esta vez para examinar el escenario de un aparente suicido, el del dentista, cuyo cuerpo ha sido hallado en la consulta.<br/><br/>¿Por qué decidiría un dentista de éxito acabar con su vida en plena jornada? ¿Cuál es la relación de uno de los pacientes del doctor con su muerte? Le corresponde a Poirot llegar al fondo de la cuestión.<br/><br/>«Una trama ágil de suspense ininterrumpido que concluye con un final absolutamente sorprendente.» New York Times (1941) |
| 650 ## - ENTRADA AÑADIDA DE ASUNTO - TÉRMINO TEMÁTICO | |
| Fuente del encabezado o término | JMCR |
| -- | Novela Policiaca |
| 9 (RLIN) | 214 |
| 650 ## - ENTRADA AÑADIDA DE ASUNTO - TÉRMINO TEMÁTICO | |
| Fuente del encabezado o término | JMCR |
| -- | Investigación y crimenes |
| Subdivisión de formulario | Novelas |
| 9 (RLIN) | 43396 |
| 650 ## - ENTRADA AÑADIDA DE ASUNTO - TÉRMINO TEMÁTICO | |
| Fuente del encabezado o término | JMCR |
| -- | Misterio |
| Subdivisión de formulario | Novelas |
| 9 (RLIN) | 43397 |
| 700 ## - ENTRADA AGREGADA - NOMBRE PERSONAL | |
| Nombre personal | Peraire del molino, C. |
| Término relativo | autor |
| 9 (RLIN) | 43398 |
| 942 ## - ELEMENTOS DE ENTRADA AÑADIDOS (KOHA) | |
| Source of classification or shelving scheme | Dewey Decimal Classification |
| Tipo de artículo Koha | Books |
| 999 ## - | |
| -- | 30311 |
| -- | 16695 |
| Estado retirado |
|---|